| 000 | 00838nam a2200253 i 4500 | ||
|---|---|---|---|
| 001 | bg | ||
| 100 | 1 |
_aHRUSKA, Jan _d(1957- ) |
|
| 245 | 1 | 0 |
_aWirusy komputerowe i ochrona antywirusowa / _cJan Hruska ; tł. z ang. Zbigniew Gniewiński. |
| 246 |
_iTyt. oryg.: _aComputer viruses and antivirus warfare |
||
| 260 |
_aWarszawa : _bWydawnictwa Komunikacji i Łączności, _c1995. |
||
| 300 |
_a238, [2] s. : _brys. ; _c24 cm. |
||
| 500 | _aOryg. : "Computer viruses and antivirus warfare" 1992. | ||
| 504 | _aBibliogr. s. 107-110. | ||
| 650 | 9 |
_aBaza danych _xochrona |
|
| 650 | 9 |
_aSieć komputerowa _xochrona |
|
| 650 | 9 | _aWirusy komputerowe | |
| 020 | _a8320611466 | ||
| 040 | _cBPK | ||
| 041 | 1 |
_apl _hen |
|
| 080 | _a004.056:004.49+004.7 | ||
| 920 | _a83-206-1146-6 | ||
| 942 | _cKS | ||
| 008 | s pl f |000 0 pol | ||
| 999 |
_c36459 _d36459 |
||
| 856 |
_uhttp://koha.tu.koszalin.pl/cgi-bin/koha/opac-detail.pl?biblionumber=36459 _yKatalog online BPK |
||